000 00266nam a2200109Ia 4500
008 200302s9999 xx 000 0 und d
100 _aDrew Plunkett
245 _aConstruction And Detailing
260 _bLaurence King Publishing
260 _c2010
300 _a192 P.,
999 _c5425
_d5425